000 00627cam a2200217 a 4500
001 000008798
005 20200929161418.0
008 900626s1994 sp 000 0 spa
020 _a8408011790
040 _aDO-SdBNP
_bspa
_cDLC
_dBNPHU
050 0 0 _aMLCS 90/09185 (P)
082 _aNN
_bE76g
100 1 _aEslava Galán, Juan,
_d1948-
_923345
245 1 0 _aGuadalquivir /
_cJuan Eslava Galán.
260 _aBarcelona, (España) :
_bPlaneta,
_c1994.
300 _a294 p. ;
_c19 cm.
490 1 _aPlaneta bolsillo
_v36
830 0 _aPlaneta bolsillo ;
_v36.
_921739
910 _aCatalogación por copia / LC
049 _aBNGR
999 _c8567
_d8567